000 01233nam a2200325 a 4500
001 ebr2002946
003 CaPaEBR
006 m u
007 cr cn|||||||||
008 010910s2000 enka sb 001 0 eng
015 _aGBA0-40669
016 7 _a0333733037
_2Uk
020 _z0333733037
020 _z0333733045(pbk.)
040 _aCaPaEBR
_cCaPaEBR
035 _a(OCoLC)559471875
050 1 4 _aHD70.E8
_bL39 2000eb
082 0 4 _a658.0094
_221
100 1 _aLawrence, Peter A.
245 1 0 _aManagement in Western Europe
_h[electronic resource] /
_cPeter Lawrence and Vincent Edwards.
260 _aBasingstoke :
_bMacmillan,
_c2000.
300 _aix, 251 p. :
_bill.
504 _aIncludes bibliographical references and index.
533 _aElectronic reproduction.
_bPalo Alto, Calif. :
_cebrary,
_d2013.
_nAvailable via World Wide Web.
_nAccess may be limited to ebrary affiliated libraries.
650 0 _aManagement
_zEurope, Western
_vCross-cultural studies.
655 7 _aElectronic books.
_2local
700 1 _aEdwards, Vince,
_d1928-1996.
710 2 _aebrary, Inc.
856 4 0 _uhttp://site.ebrary.com/lib/rucke/Doc?id=2002946
_zAn electronic book accessible through the World Wide Web; click to view
999 _c123478
_d123478